000 01089cam a22002894a 4500
003 OSt
005 20260205122221.0
008 260205b |||||||| |||| 00| 0 eng d
020 _a0739108239
020 _a0739108247
020 _a9780739108246
_q(pbk. : alk. paper)
040 _aKABLIB
_cKABLIB
_erda
082 0 0 _a327.1
_223
_bPRO
245 0 0 _aProtecting democracy :
_binternational responses /
_cedited by Morton H. Halperin and Mirna Galic.
260 _aLanham :
_bLexington Books ,
_cc2005.
300 _aix, 358 p. ;
_c23 cm.
504 _aIncludes index.
650 0 _aDemocracy.
650 0 _aInternational relations.
_99459
700 1 _aHalperin, Morton H.
_915247
700 1 _aGalic, Mirna,
_d1979-
_915248
710 2 _aCouncil on Foreign Relations.
_915249
856 4 1 _uhttp://www.loc.gov/catdir/toc/ecip053/2004025713.html
942 _2ddc
_cBOOK
999 _c6030
_d6030